|
|
|
|
| LEADER |
01737cas a2200241 a 4500 |
| 001 |
AALejournalIMF014351 |
| 008 |
230101c9999 xx r poo 0 0eng d |
| 020 |
|
|
|c 5.00 USD
|
| 020 |
|
|
|z 9781475517385
|
| 022 |
|
|
|a 1934-7685
|
| 040 |
|
|
|a BD-DhAAL
|c BD-DhAAL
|
| 110 |
2 |
|
|a International Monetary Fund.
|b European Dept.
|
| 245 |
1 |
0 |
|a Portugal :
|b Eleventh Review Under the Extended Arrangement, and Request for Extension of the Arrangement and Waivers of Applicability of End-March Performance Criteria.
|
| 264 |
|
1 |
|a Washington, D.C. :
|b International Monetary Fund,
|c 2014.
|
| 300 |
|
|
|a 1 online resource (87 pages)
|
| 490 |
1 |
|
|a IMF Staff Country Reports
|
| 500 |
|
|
|a <strong>Off-Campus Access:</strong> No User ID or Password Required
|
| 500 |
|
|
|a <strong>On-Campus Access:</strong> No User ID or Password Required
|
| 506 |
|
|
|a Electronic access restricted to authorized BRAC University faculty, staff and students
|
| 520 |
3 |
|
|a This Eleventh Review Under the Extended Arrangement and Request for Extension of the Arrangement focuses on Portugal's macroeconomic framework and fiscal policy. Sovereign bond yields have declined sharply, buoyed by the improved economic outlook and increased investor appetite for higher yielding southern European debt. The recent upturn in domestic demand remains susceptible to changes in market sentiment and any renewed policy uncertainty. The operational performance of state-owned enterprises continues to improve, while the privatization program advances.
|
| 538 |
|
|
|a Mode of access: Internet
|
| 830 |
|
0 |
|a IMF Staff Country Reports; Country Report ;
|v No. 2014/102
|
| 856 |
4 |
0 |
|z Full text available on IMF
|u http://elibrary.imf.org/view/journals/002/2014/102/002.2014.issue-102-en.xml
|z IMF e-Library
|